Central Library OPAC University of Rajshahi

Neurosis in the family and patterns of psychosocial defense : (Record no. 30342)

MARC details
000 -LEADER
fixed length control field 00872cam a22002891 4500
001 - CONTROL NUMBER
control field 30342
003 - CONTROL NUMBER IDENTIFIER
rucl marc code BD-RjUL
005 - DATE AND TIME OF LATEST TRANSACTION
control field 20211209051541.0
008 - FIXED-LENGTH DATA ELEMENTS--GENERAL INFORMATION
fixed length control field 140409s1963 xx a 001 0 eng
035 ## - SYSTEM CONTROL NUMBER
System control number (BD-RjUL)30427
System control number (OCoLC)14625688
040 ## - CATALOGING SOURCE
Original cataloging agency DLC
Transcribing agency DNLM
Modifying agency OCoCU
-- Uk
-- DLC
-- BD-RjUL
Language of cataloging eng
041 ## - LANGUAGE CODE
Language code of text/sound track or separate title eng
060 0# - NATIONAL LIBRARY OF MEDICINE CALL NUMBER
Classification number WM 170
Item number E33n 1963
082 ## - DEWEY DECIMAL CLASSIFICATION NUMBER
Classification number 301.15
Author mark and year EHN 1963
100 1# - MAIN ENTRY--PERSONAL NAME
Personal name Ehrenwald, Jan,
Dates associated with a name 1900-1988.
9 (RLIN) 92237
245 10 - TITLE STATEMENT
Title Neurosis in the family and patterns of psychosocial defense :
Remainder of title a study of psychiatric epidemiology /
Statement of responsibility, etc. Jan Ehrenwald
260 ## - PUBLICATION, DISTRIBUTION, ETC. (IMPRINT)
Place of publication, distribution, etc. New York :
Name of publisher, distributor, etc. Hoeber,
Date of publication, distribution, etc. c1963.
300 ## - PHYSICAL DESCRIPTION
Pagination xii, 203 p. :
Illustrations ill. ;
Size 21cm.
504 ## - BIBLIOGRAPHY, ETC. NOTE
Bibliography, etc Includes index.
650 #0 - SUBJECT ADDED ENTRY--TOPICAL TERM
Topical term or geographic name as entry element Social psychiatry.
9 (RLIN) 18415
Topical term or geographic name as entry element Families.
9 (RLIN) 92238
Topical term or geographic name as entry element Neuroses.
9 (RLIN) 92239
942 ## - ADDED ENTRY ELEMENTS (KOHA)
Source of classification or shelving scheme Dewey Decimal Classification
Koha item type Books
Holdings
Lost status Source of classification or shelving scheme Damaged status Not for loan Collection code Permanent Location Current Location Shelving location Date acquired Total Checkouts Full call number Date last seen Copy number Koha item type Source of acquisition Cost, normal purchase price
  Dewey Decimal Classification     Non-fiction Central Library, University of Rajshahi Central Library, University of Rajshahi   09/04/2014   301.15 EHN 1963 09/04/2014 C-2 Books    
  Dewey Decimal Classification   Not For Loan Non-fiction Central Library, University of Rajshahi Central Library, University of Rajshahi   01/04/1968   301.15 EHN 1963 09/04/2014 C-1 Books Euro-Pak. 33.00